| 000 | 00674nam a2200205 a 4500 | ||
|---|---|---|---|
| 001 | BRCA_8431 | ||
| 005 | 20190320210257.0 | ||
| 020 | _a9786076053416 (INBA) | ||
| 020 | _a9788494352720 (El Viso) | ||
| 041 | _aspa | ||
| 050 | 4 | _bL36 2015 | |
| 245 | 1 | 0 |
_aLandscapes of the Mind _bpaisajismo británico colección Tate 1690-2007. |
| 260 |
_aMéxico _bMuseo Nacional de Arte _c2015 |
||
| 300 |
_a227 p. _bil. a color _c26 cm. |
||
| 500 | _aIncluye lista de obras | ||
| 500 | _aCatálogo de la exposición realizada en el Museo Nacional de Arte (Ciudad de México), marzo-julio, 2015 | ||
| 546 | _aTexto en : español e inglés | ||
| 650 | 1 | 4 |
_aPaisaje _921122 |
| 942 |
_2lcc _cB |
||
| 999 |
_c8098 _d8098 |
||